<?xml version="1.0" encoding="UTF-8"?>
<collection xmlns="http://www.loc.gov/MARC21/slim">
 <record>
  <leader>00491pamaa2200169   4500</leader>
  <controlfield tag="001">0000016309</controlfield>
  <controlfield tag="005">20100223090000.0</controlfield>
  <datafield tag="020" ind1="0" ind2="0">
   <subfield code="a">0023611316 </subfield>
  </datafield>
  <datafield tag="082" ind1=" " ind2=" ">
   <subfield code="a">005.133 JOH 1993</subfield>
  </datafield>
  <datafield tag="090" ind1="0" ind2="0">
   <subfield code="a">QA76.73.C15 </subfield>
   <subfield code="b">JOH 1993</subfield>
  </datafield>
  <datafield tag="100" ind1="1" ind2="0">
   <subfield code="a">Johnsonbaugh </subfield>
  </datafield>
  <datafield tag="245" ind1="1" ind2="0">
   <subfield code="a">Applications programming in ANSI C  </subfield>
   <subfield code="c">Richard Johnsonbaugh and Martin Kalin..</subfield>
  </datafield>
  <datafield tag="250" ind1="0" ind2="0">
   <subfield code="a">2nd ed.</subfield>
  </datafield>
  <datafield tag="260" ind1="0" ind2="0">
   <subfield code="a">New York: </subfield>
   <subfield code="b">MacMillan, </subfield>
   <subfield code="c">1993.</subfield>
  </datafield>
  <datafield tag="300" ind1=" " ind2=" ">
   <subfield code="a">xvii, 683p.; </subfield>
   <subfield code="c">28 cm.</subfield>
  </datafield>
  <datafield tag="650" ind1="0" ind2="0">
   <subfield code="a">C (Computer program language) </subfield>
  </datafield>
  <datafield tag="700" ind1="1" ind2="1">
   <subfield code="a">Kalin, </subfield>
   <subfield code="h">Martin </subfield>
  </datafield>
 </record>
</collection>
